Southville International School and Colleges
Your cart is empty.
  • Cart
  • Lists
    Public lists Eva Luna New books Lux_list list_1
    Your lists Log in to create your own lists
  • Log in to your account
  • Your cookies
  • Search history
Southville International School and Colleges
  • Advanced search
  • Recent comments
  • Most popular
  • Libraries

Log in to your account

Log in with GOOGLE


If you do not have an external account, but do have a local account, you can still log in:

  1. Home
  2. MARC view: Battling HIV/AIDS :
Normal view MARC view ISBD view

Battling HIV/AIDS : (Record no. 357645)

[ view plain ]
MARC details
000 -LEADER
fixed length control field 00883nam a2200265Ia 4500
008 - FIXED-LENGTH DATA ELEMENTS--GENERAL INFORMATION
fixed length control field 180523s9999 xx 000 0 und d
020 ## - INTERNATIONAL STANDARD BOOK NUMBER
International Standard Book Number 0-8213-5848-0
050 ## - LIBRARY OF CONGRESS CALL NUMBER
Classification number MAIN RC 606.7
050 ## - LIBRARY OF CONGRESS CALL NUMBER
Item number .B38 2004
245 #0 - TITLE STATEMENT
Title Battling HIV/AIDS :
245 #2 - TITLE STATEMENT
Remainder of title a decision maker's guide to the procurement of medicines and related supplies /
245 #0 - TITLE STATEMENT
Statement of responsibility, etc Yolanda Tayler, editor.
260 ## - PUBLICATION, DISTRIBUTION, ETC. (IMPRINT)
Place of publication, distribution, etc Washington D.C. :
260 ## - PUBLICATION, DISTRIBUTION, ETC. (IMPRINT)
Name of publisher, distributor, etc World Bank,
260 ## - PUBLICATION, DISTRIBUTION, ETC. (IMPRINT)
Date of publication, distribution, etc 2004
300 ## - PHYSICAL DESCRIPTION
Extent 152 pages :
300 ## - PHYSICAL DESCRIPTION
Other physical details illustrations ;
300 ## - PHYSICAL DESCRIPTION
Dimensions 23 cm.
500 ## - GENERAL NOTE
General note Includes index.
650 ## - SUBJECT ADDED ENTRY--TOPICAL TERM
Topical term or geographic name as entry element Antiretroviral agents -- Purchasing.
650 ## - SUBJECT ADDED ENTRY--TOPICAL TERM
Topical term or geographic name as entry element HIV infections -- Chemotherapy -- Economic aspects.
650 ## - SUBJECT ADDED ENTRY--TOPICAL TERM
Topical term or geographic name as entry element Pharmaceutical policy -- Devloping countries.
650 ## - SUBJECT ADDED ENTRY--TOPICAL TERM
General subdivision AIDS (Disease) -- Chemotherapy -- Economic aspects.
650 ## - SUBJECT ADDED ENTRY--TOPICAL TERM
General subdivision Pharmaceutical industry -- Developing countries.
Holdings
Withdrawn status Lost status Damaged status Home library Current library Shelving location Date acquired Cost, normal purchase price Total Checkouts Full call number Barcode Date last seen Price effective from Koha item type
      South Mansfield College South Mansfield College   03/07/2005 325.00   MAIN RC 606.7 .B38 2004 SMC02434 05/23/2018 05/23/2018  

Battling HIV/AIDS :

APA

Battling HIV/AIDS. Washington D.C: .

Chicago

Battling HIV/AIDS. Washington D.C: .

Harvard

Battling HIV/AIDS. Washington D.C: .

MLA

Washington D.C: . .

  • Place hold
  • Print
  • Cite
  • Add to your cart (remove)
  • Save record
    BIBTEX Dublin Core MARCXML MARC (non-Unicode/MARC-8) MARC (Unicode/UTF-8) MARC (Unicode/UTF-8, Standard) MODS (XML) RIS
  • More searches
    Search for this title in:
    Other Libraries (WorldCat) Other Databases (Google Scholar) Online Stores (Bookfinder.com) Open Library (openlibrary.org)

Exporting to Dublin Core...

SOUTHVILLE LIBRARY

Southville International School and Colleges Library

1281 Tropical Ave. Cor. Luxembourg St., BF Homes International, Las Pinas City

Tel. No. 8256374 / 252358 Loc. 117/146

Powered by Koha